000 00395nam a22001337a 4500
999 _c515541
_d515541
008 210130b ||||| |||| 00| 0 eng d
100 _aRawal, Vikas et al.
_924019
245 _aCovid-19 lockdown: Impact on agriculture and the rural economy
260 _aSocial Scientist
300 _a48(3-6), Mar-Jun, 2020: p.67-82
773 _aSocial Scientist
906 _aCOVID-19
942 _cAR